| Registos Bibliográficos associados ao registo de autoridade |
|
Etiqueta de registo: 01680cam 2200397 450 001 945637 003 http://id.bnportugal.gov.pt/bib/catbnp/945637 005 19990616000000.0 095 ## $aPTBN00960021 100 ## $a19970801d1880 k y0pory0103 ba 101 0# $aita 102 ## $aDX 105 ## $aah z 000gy 106 ## $ar 200 1# $a Il canzoniere portoghese Colocci-Brancuti$epubblicato nelle parti che completano il Codice Vaticano 4803$fda Enrico Molteni 210 #9 $aHalle$cMax Niemeyer Editore,$d1880 215 ## $aIX, [3], 184 p.$cil., 1 fac-sím.$d28 cm 225 2# $aCommunicazioni dalle biblioteche di Roma e da altre biblioteche per lo studio delle
lingue e delle letterature romanze$v2 316 ## $aEncadernação em pele com brasões e ferros dourados, executada por A. David$5PTBN: D.S. XIX - 882//1 317 ## $aPert.: António Alberto Marinho Duarte de Sousa$5PTBN: D.S. XIX - 882//1 321 1# $aNUC NM 695211 321 1# $aDuarte de Sousa 2, 508 620 ## $dHalle 675 ## $a869.0-1"04/14"$vBN$zpor$3301259 702 #1 $aMolteni,$bEnrico,$f18--$4340$3855161 702 #1 $aSousa,$bAntónio Alberto Marinho Duarte de,$f1896-1950$4390$3933589 702 #1 $aDavid,$bAlfredo,$f1863-1930$4110$3272866 801 #0 $aPT$bBN$gRPC 856 40 $uhttps://purl.pt/52254 856 41 $uhttps://purl.pt/52254/service/media/cover/low 856 49 $uhttps://purl.pt/52254/service/media/pdf$qapplication/pdf 958 ## $aBND$bLivre$cDigitalizado$d1$ehttps://purl.pt/52254/service/media/cover/max 966 ## $lBN$mRESIMP$pLivraria Duarte de Sousa$sD.S. XIX - 882//1 966 ## $lBN$mRESIMP$sRES. 986 V. 995 ## $aPRR2024 $d20240625$idfontes 998 ## $aCLE59-783
|
|
|